Literatura hipertextual y teoría literaria /

Conjunto de ensayos que reflexiona sobre las maneras en que el hipertexto literario está modificando la escritura creativa, desde el canon mismo, las estrategias de composición o las relaciones ficción - realidad virtual.

Salvato in:
Dettagli Bibliografici
Autore principale: Vega, María José (ed.)
Natura: Libro
Lingua:spagnolo
Pubblicazione: Madrid, España : Mare Nostrum Comunicación, 2003, c2003
Serie:(Estudios y Ensayos Marenostrum ; 2)
Soggetti:
Tags: Aggiungi Tag
Nessun Tag, puoi essere il primo ad aggiungerne!!

MARC

LEADER 00000nam^a2200000^a^4500
001 000184976
005 20250521000000.0
009 20260310102134.029
020 |a 84-95509-59-8 
037 |a Acervo ITESO - Biblioteca 
041 |a ESP 
082 |a 809. 923  |b VEG 
100 |a Vega, María José  |e (ed.) 
245 1 0 |a Literatura hipertextual y teoría literaria /  |c Ed. de M.J. Vega. 
264 4 |a Madrid, España :  |b Mare Nostrum Comunicación,  |c 2003, c2003 
300 |a 287 p. 
336 |a texto  |b txt  |2 rdacontenido 
337 |a sin mediación  |b n  |2 rdamedio 
338 |a volumen  |b nc  |2 rdasoporte 
440 1 |a (Estudios y Ensayos Marenostrum ;  |v 2) 
520 |a Conjunto de ensayos que reflexiona sobre las maneras en que el hipertexto literario está modificando la escritura creativa, desde el canon mismo, las estrategias de composición o las relaciones ficción - realidad virtual. 
649 |a XX 
650 |a Hipertexto 
650 |a Narración (Retórica) 
650 |a Retórica 
650 |a Creación (Literaria, Artística, etc.) 
650 |a Tecnologías de Comunicación e Información -  |x Aspectos Sociales y Culturales 
650 |a Literatura -  |x Teoría 
650 |a Literatura -  |x Historia y Crítica 
910 |a Fondo General 
920 |a Impresos - Libros 
930 |a Colección General 
940 |a Literatura 
905 |a 101 
901 |a 0500126052  |b IT1  |c LIT  |u 20250521 
902 |a https://opac.biblio.iteso.mx/vufind/Record/000184976